| 000 | 00713nam a2200241Ia 4500 | ||
|---|---|---|---|
| 003 | OSt | ||
| 005 | 20220924122614.0 | ||
| 006 | a|||||r|||| 00| 0 | ||
| 007 | ta | ||
| 008 | 220923b |||||||| |||| 00| 0 urd d | ||
| 024 | _a319947 | ||
| 037 | _cTextual | ||
| 040 |
_aARTS _cARTS _burd |
||
| 041 |
_2urd _aurd |
||
| 082 | _aO28,3:g, 168E9 | ||
| 100 |
_aUfnadi Khaleel Tr. _9190070 |
||
| 245 | 0 | _aRoohi fidak | |
| 260 |
_aLucknow _bAdbi press India _c1929 |
||
| 650 |
_aARABIC FICTION _964594 |
||
| 700 |
_a Siddiqui Mohammad Hussain Mahvi Tr. _9190071 |
||
| 942 |
_hO28,3:g, 168E9 _cTEXL _2CC |
||
| 999 |
_c412341 _d412341 |
||